[Event "4NCL Division 2d"]
[Site "Telford, ENG"]
[Date "2017.04.29"]
[Round "9.64"]
[White "McCarthy, Damian"]
[Black "Coleman, David J"]
[Result "0-1"]
[WhiteElo "1834"]
[BlackElo "2149"]
[PlyCount "64"]
[EventDate "2017.04.29"]
[WhiteTeam "Bradford DCA Knights A"]
[BlackTeam "Barbican 4NCL Youth"]

1. c4 c5 2. g3 Nc6 3. Bg2 g6 4. Nc3 Bg7 5. a3 d6 6. Rb1 a5 7. Nf3 e5 8. O-O
Nge7 9. Ne1 O-O 10. Nc2 Be6 11. Ne3 Rb8 12. d3 f5 13. Ned5 Kh8 14. Bg5 h6 15.
Bxe7 Nxe7 16. b4 axb4 17. axb4 Bxd5 18. Nxd5 Nxd5 19. Bxd5 b5 20. Qc2 bxc4 21.
Qxc4 cxb4 22. Rxb4 Rc8 23. Qa2 Qf6 24. e4 f4 25. Rfb1 fxg3 26. hxg3 Qf3 27. Bc4
h5 28. Qa7 h4 29. Qe3 Qh5 30. f4 hxg3 31. f5 Qh2+ 32. Kf1 g2+ 0-1

[Event "4NCL Division 2d"]
[Site "Telford, ENG"]
[Date "2017.04.29"]
[Round "9.66"]
[White "Braham, Peter"]
[Black "Hughes, Roy"]
[Result "0-1"]
[WhiteElo "1737"]
[BlackElo "2029"]
[PlyCount "116"]
[EventDate "2017.04.29"]
[WhiteTeam "Bradford DCA Knights A"]
[BlackTeam "Barbican 4NCL Youth"]

1. e4 d5 2. exd5 Qxd5 3. Nf3 Bf5 4. Be2 Nf6 5. O-O e6 6. d4 c6 7. c4 Qa5 8. Nc3
Nbd7 9. a3 Be7 10. h3 Qc7 11. Be3 Ne4 12. Rc1 Nxc3 13. Rxc3 Bf6 14. Bd3 Bxd3
15. Rxd3 O-O 16. Bg5 Rfd8 17. Bxf6 Nxf6 18. Qd2 a5 19. a4 Rab8 20. Rc1 Qb6 21.
b3 Qc7 22. Qe3 h6 23. Ne5 Qe7 24. Qf4 Nd7 25. Ng4 Nf8 26. Ne5 f6 27. Nf3 Qd6
28. Qe4 Rd7 29. Qe1 Qc7 30. Nd2 Rbd8 31. Qe3 e5 32. Nf3 Ne6 33. d5 Nf4 34. Rdd1
b6 35. Nh4 Qb7 36. Qf3 cxd5 37. cxd5 Rxd5 38. Kh2 Qf7 39. Rxd5 Qxd5 40. Qxd5+
Nxd5 41. Rd1 Kf7 42. Nf5 h5 43. Ne3 Ke6 44. Nc4 Rd7 45. g3 g5 46. Rd2 Rc7 47.
Kg2 Rc6 48. Rd3 f5 49. Kf1 f4 50. g4 hxg4 51. hxg4 Nf6 52. f3 e4 53. fxe4 Nxg4
54. Rh3 Kf6 55. Ke2 Re6 56. Kf3 Ne5+ 57. Nxe5 Kxe5 58. Rh5 Rg6 0-1

[Event "4NCL Division 2d"]
[Site "Telford, ENG"]
[Date "2017.04.29"]
[Round "9.67"]
[White "Keen, Cosima"]
[Black "Verma, Shlok"]
[Result "1-0"]
[WhiteElo "1848"]
[BlackElo "1434"]
[PlyCount "53"]
[EventDate "2017.04.29"]
[WhiteTeam "Barbican 4NCL Youth"]
[BlackTeam "Bradford DCA Knights A"]

1. d4 e6 2. c4 d5 3. Nf3 Nf6 4. Bg5 Be7 5. e3 O-O 6. Nc3 Nbd7 7. Rc1 b6 8. cxd5
exd5 9. Bd3 Bb7 10. O-O h6 11. Bh4 Rc8 12. h3 Ne4 13. Bxe7 Qxe7 14. Bb1 Qf6 15.
Qa4 Qc6 16. Nb5 Qe6 17. Nxc7 Qe7 18. Qxa7 Rb8 19. Na6 Bxa6 20. Qxa6 Qb4 21. Rc2
Ra8 22. Qd3 Rfc8 23. a3 Qd6 24. Rfc1 Rxc2 25. Rxc2 f5 26. Ba2 Ndf6 27. Ne5 1-0

[Event "4NCL Division 2d"]
[Site "Telford, ENG"]
[Date "2017.04.29"]
[Round "9.71"]
[White "Buckley, David E"]
[Black "Emms, John M"]
[Result "0-1"]
[WhiteElo "2244"]
[BlackElo "2464"]
[PlyCount "116"]
[EventDate "2017.04.29"]
[WhiteTeam "Downend & Fishponds"]
[BlackTeam "KJCA Kings"]

1. d4 Nf6 2. Bg5 Ne4 3. Bf4 d5 4. e3 c5 5. Bd3 Nf6 6. c3 Nc6 7. Nd2 g6 8. h3
Bg7 9. Ngf3 O-O 10. O-O Nd7 11. Bc2 e5 12. dxe5 Ndxe5 13. Nxe5 Nxe5 14. Nf3
Nxf3+ 15. Qxf3 Be6 16. Rfd1 Qb6 17. Rab1 Rac8 18. Bb3 Bf5 19. Rbc1 Be4 20. Qe2
c4 21. Ba4 h6 22. b4 a5 23. a3 axb4 24. axb4 Ra8 25. Bc2 Ra2 26. f3 Rxc2 27.
Rxc2 Bxc2 28. Qxc2 g5 29. Bg3 Qxe3+ 30. Bf2 Qxc3 31. Qxc3 Bxc3 32. Rxd5 Bxb4
33. Bc5 Bxc5+ 34. Rxc5 Rb8 35. Rxc4 b5 36. Rb4 Kg7 37. Kf2 Kf6 38. Ke3 Ke5 39.
h4 f6 40. hxg5 hxg5 41. Kd3 Rd8+ 42. Kc3 Rc8+ 43. Kd3 Rc5 44. g4 Kd5 45. f4 Kc6
46. fxg5 fxg5 47. Re4 Kb6 48. Re8 Rc4 49. Re5 Rxg4 50. Ke3 Ka5 51. Kf3 Rd4 52.
Rxg5 Ka4 53. Ke3 Rd8 54. Rg7 b4 55. Rb7 b3 56. Ke2 Ka3 57. Ke3 b2 58. Ke2 Rd4
0-1

[Event "4NCL Division 2d"]
[Site "Telford, ENG"]
[Date "2017.04.29"]
[Round "9.72"]
[White "Ward, Chris G"]
[Black "Russell, Christopher"]
[Result "1-0"]
[WhiteElo "2438"]
[BlackElo "2112"]
[PlyCount "35"]
[EventDate "2017.04.29"]
[WhiteTeam "KJCA Kings"]
[BlackTeam "Downend & Fishponds"]

1. d4 e6 2. Nf3 f5 3. Bf4 Nf6 4. e3 Be7 5. h3 b6 6. Nbd2 Bb7 7. g4 c5 8. gxf5
exf5 9. Rg1 g6 10. c3 Nc6 11. Nc4 cxd4 12. Nxd4 Nxd4 13. Qxd4 d5 14. Ne5 O-O
15. Bh6 Re8 16. Bb5 Bc5 17. Qf4 Bd6 18. Qxf5 1-0

[Event "4NCL Division 2d"]
[Site "Telford, ENG"]
[Date "2017.04.29"]
[Round "9.73"]
[White "Hosken, Nigel K"]
[Black "Hand, Freddie"]
[Result "1/2-1/2"]
[WhiteElo "2085"]
[BlackElo "2142"]
[PlyCount "55"]
[EventDate "2017.04.29"]
[WhiteTeam "Downend & Fishponds"]
[BlackTeam "KJCA Kings"]

1. d4 d5 2. c4 c6 3. Nf3 Nf6 4. Nc3 dxc4 5. a4 Bf5 6. Ne5 Nbd7 7. Nxc4 Nb6 8.
Ne5 a5 9. g3 e6 10. Bg2 Bb4 11. O-O O-O 12. f3 h6 13. e4 Bh7 14. Be3 Qe7 15.
Qe2 Nfd7 16. Rfd1 Nxe5 17. dxe5 Bc5 18. Bf1 Rad8 19. Qf2 Bxe3 20. Qxe3 Rxd1 21.
Rxd1 Qb4 22. Qd4 Bg6 23. b3 f6 24. exf6 Qxd4+ 25. Rxd4 gxf6 26. Nb1 e5 27. Rd6
Kf7 28. Nd2 1/2-1/2

[Event "4NCL Division 2d"]
[Site "Telford, ENG"]
[Date "2017.04.29"]
[Round "9.74"]
[White "Lunn, Matthew"]
[Black "Dilleigh, Stephen P"]
[Result "1/2-1/2"]
[WhiteElo "2081"]
[BlackElo "2041"]
[PlyCount "33"]
[EventDate "2017.04.29"]
[WhiteTeam "KJCA Kings"]
[BlackTeam "Downend & Fishponds"]

1. d4 d5 2. c4 e6 3. Nc3 Nf6 4. cxd5 exd5 5. Bg5 c6 6. Qc2 Be7 7. e3 Nbd7 8.
Bd3 Nh5 9. Bxe7 Qxe7 10. Nge2 g6 11. O-O-O Nb6 12. Kb1 Ng7 13. Ng3 Be6 14. Na4
Nxa4 15. Qxa4 O-O 16. h4 h5 17. Ne2 1/2-1/2

[Event "4NCL Division 2d"]
[Site "Telford, ENG"]
[Date "2017.04.29"]
[Round "9.75"]
[White "Humphreys, Jerry G"]
[Black "Verma, Aditya"]
[Result "1/2-1/2"]
[WhiteElo "2012"]
[BlackElo "2067"]
[PlyCount "54"]
[EventDate "2017.04.29"]
[WhiteTeam "Downend & Fishponds"]
[BlackTeam "KJCA Kings"]

1. c4 Nf6 2. Nf3 c6 3. Nc3 d5 4. e3 e6 5. b3 Nbd7 6. Bb2 Be7 7. Be2 a6 8. O-O
O-O 9. Rc1 b5 10. d4 b4 11. Na4 a5 12. Qc2 Ba6 13. Rfe1 Rc8 14. Nd2 c5 15. Qb1
Bb7 16. dxc5 Nxc5 17. Nxc5 Bxc5 18. Red1 Qe7 19. cxd5 Nxd5 20. Bf3 Bb6 21. Qd3
Rfd8 22. Rxc8 Bxc8 23. Qc2 Bb7 24. Nc4 Bc7 25. Ne5 Qg5 26. Nc6 Rc8 27. Bxd5
exd5 1/2-1/2

[Event "4NCL Division 2d"]
[Site "Telford, ENG"]
[Date "2017.04.29"]
[Round "9.76"]
[White "Selway, Richard P"]
[Black "Young, Daniel J"]
[Result "1-0"]
[WhiteElo "2056"]
[BlackElo "2012"]
[PlyCount "89"]
[EventDate "2017.04.29"]
[WhiteTeam "KJCA Kings"]
[BlackTeam "Downend & Fishponds"]

1. e4 c5 2. Nc3 Nc6 3. g3 g6 4. Bg2 Bg7 5. d3 d6 6. Nh3 e6 7. Be3 Nge7 8. Qd2
Nd4 9. O-O O-O 10. Bh6 Rb8 11. Bxg7 Kxg7 12. Nd1 e5 13. f4 f6 14. c3 Ndc6 15.
Ne3 b5 16. Nf2 b4 17. Nfd1 a5 18. Nc4 Be6 19. Nde3 exf4 20. gxf4 d5 21. exd5
Nxd5 22. f5 Bf7 23. Be4 Nce7 24. Ng4 g5 25. h4 h6 26. Rae1 Qc7 27. Qg2 Nf4 28.
Qh2 Rh8 29. Nge3 Nfd5 30. Qxc7 Nxc7 31. Nxa5 bxc3 32. bxc3 Bxa2 33. c4 Rb2 34.
Rf2 Rhb8 35. Nd1 Rxf2 36. Kxf2 Bb3 37. Nc3 Rb4 38. Nb7 Ba4 39. Nxa4 Rxa4 40.
Nxc5 Ra2+ 41. Re2 Ra5 42. d4 Kf7 43. Nb7 Ra3 44. d5 Ne8 45. d6 1-0

[Event "4NCL Division 2d"]
[Site "Telford, ENG"]
[Date "2017.04.29"]
[Round "9.77"]
[White "French, Max"]
[Black "Golding, James"]
[Result "0-1"]
[WhiteElo "1916"]
[BlackElo "1986"]
[PlyCount "110"]
[EventDate "2017.04.29"]
[WhiteTeam "Downend & Fishponds"]
[BlackTeam "KJCA Kings"]

1. d4 d5 2. Nf3 c5 3. dxc5 Nc6 4. c4 d4 5. e3 e5 6. exd4 exd4 7. a3 a5 8. Bd3
Bxc5 9. O-O Nge7 10. Qc2 h6 11. h3 O-O 12. Nbd2 Be6 13. Ne4 b6 14. Bd2 Nc8 15.
Nxc5 bxc5 16. Bh7+ Kh8 17. Be4 Ra6 18. Rab1 Nd6 19. Bxc6 Rxc6 20. Ne5 Ra6 21.
Qa4 Qb6 22. b3 Rd8 23. Rfe1 Kg8 24. f3 Bf5 25. Rb2 f6 26. g4 Bc8 27. Bxa5 Rxa5
28. Qc6 Ra6 29. Qd5+ Kh7 30. Nd3 Qc6 31. Nxc5 Qxd5 32. cxd5 Rxa3 33. Re7 Nb5
34. Ne4 Kg8 35. Nc5 Kf8 36. Rbe2 Ra1+ 37. Kf2 Nc3 38. Re1 Rxe1 39. Rxe1 Nxd5
40. Rd1 Nf4 41. h4 Ne6 42. Nd3 Ba6 43. Nb4 Bb5 44. Nc2 g6 45. Na3 Bc6 46. b4
Ra8 47. Rd3 Bb7 48. Kg3 Ra4 49. Nc2 Ba6 50. Rb3 d3 51. Ne3 Nd4 52. Rb1 Ra2 53.
Nd5 d2 54. Rd1 Be2 55. Nc3 Bxd1 0-1

[Event "4NCL Division 2d"]
[Site "Telford, ENG"]
[Date "2017.04.29"]
[Round "9.81"]
[White "Jogstad, Martin"]
[Black "Wall, Gavin"]
[Result "1/2-1/2"]
[WhiteElo "2283"]
[BlackElo "2346"]
[PlyCount "56"]
[EventDate "2017.04.29"]
[WhiteTeam "CSC Dragons"]
[BlackTeam "Guildford 3"]

1. d4 f5 2. Nf3 Nf6 3. c4 g6 4. g3 Bg7 5. Bg2 O-O 6. O-O d6 7. Nc3 Na6 8. b3 c6
9. Bb2 Rb8 10. d5 Bd7 11. Nd4 Qe8 12. Qd2 Nc7 13. a4 Qf7 14. e4 fxe4 15. Nxe4
Nxe4 16. Bxe4 c5 17. Nf3 Bxb2 18. Qxb2 Qf6 19. Qxf6 exf6 20. Rfe1 Kf7 21. Nd2
Na6 22. Re3 Rfe8 23. Rae1 Nb4 24. Bb1 Rxe3 25. Rxe3 f5 26. g4 Re8 27. Rxe8 Kxe8
28. g5 b6 1/2-1/2

[Event "4NCL Division 2d"]
[Site "Telford, ENG"]
[Date "2017.04.29"]
[Round "9.82"]
[White "Golding, Alex"]
[Black "Frostick, Clive A"]
[Result "1-0"]
[WhiteElo "2170"]
[BlackElo "2169"]
[PlyCount "51"]
[EventDate "2017.04.29"]
[WhiteTeam "Guildford 3"]
[BlackTeam "CSC Dragons"]

1. e4 c5 2. Nf3 e6 3. d4 cxd4 4. Nxd4 Nf6 5. Nc3 Nc6 6. Be3 Bb4 7. Bd3 d5 8.
Nxc6 bxc6 9. e5 Nd7 10. Qg4 Bf8 11. f4 g6 12. h4 h5 13. Qh3 Be7 14. O-O-O Qa5
15. Bxg6 Nxe5 16. fxe5 fxg6 17. Bg5 Bxg5+ 18. hxg5 Bd7 19. Qd3 Rg8 20. Rh4 Rg7
21. Rf4 Qc7 22. Rdf1 O-O-O 23. Qa6+ Qb7 24. Qa3 Be8 25. Rb4 Qa8 26. Na4 1-0

[Event "4NCL Division 2d"]
[Site "Telford, ENG"]
[Date "2017.04.29"]
[Round "9.83"]
[White "Thompson, Ian D"]
[Black "Osborne, Marcus E"]
[Result "1-0"]
[WhiteElo "2160"]
[BlackElo "2200"]
[PlyCount "114"]
[EventDate "2017.04.29"]
[WhiteTeam "CSC Dragons"]
[BlackTeam "Guildford 3"]

1. c4 e5 2. g3 d6 3. Bg2 g6 4. d4 Nd7 5. Nf3 Bg7 6. Nc3 Ngf6 7. O-O O-O 8. e3
c6 9. b3 Re8 10. Bb2 e4 11. Nd2 d5 12. cxd5 cxd5 13. f3 exf3 14. Qxf3 Qe7 15.
Rae1 Nb6 16. e4 Qb4 17. Qf2 Be6 18. a3 Qf8 19. e5 Ng4 20. Qe2 Rac8 21. Nf3 Bh6
22. Nd1 Bc1 23. Bxc1 Rxc1 24. Ng5 h5 25. Qd2 Rc7 26. Nxe6 Rxe6 27. h3 Nh6 28.
Ne3 Rd7 29. a4 Rd8 30. a5 Nd7 31. Bxd5 Qe7 32. Bxe6 Qxe6 33. Qg2 Qxb3 34. Qd5
Qxd5 35. Nxd5 Nf5 36. g4 hxg4 37. hxg4 Nxd4 38. Rd1 Nc6 39. Nf6+ Nxf6 40. Rxd8+
Nxd8 41. exf6 g5 42. Rf5 Ne6 43. Rd5 b6 44. a6 Nc5 45. Rxg5+ Kf8 46. Rd5 Ke8
47. Re5+ Ne6 48. Kf2 Kd7 49. Kg3 Kd6 50. Re1 b5 51. Kh4 b4 52. g5 b3 53. Rb1
Nc5 54. g6 fxg6 55. Kg5 Kd5 56. f7 Ne6+ 57. Kf6 Nc5 1-0

[Event "4NCL Division 2d"]
[Site "Telford, ENG"]
[Date "2017.04.29"]
[Round "9.84"]
[White "Granat, Russell G"]
[Black "Coates, Kenneth G"]
[Result "1/2-1/2"]
[WhiteElo "2187"]
[BlackElo "2099"]
[PlyCount "88"]
[EventDate "2017.04.29"]
[WhiteTeam "Guildford 3"]
[BlackTeam "CSC Dragons"]

1. e4 d5 2. exd5 Qxd5 3. Nc3 Qd6 4. Nf3 Nf6 5. h3 g6 6. d4 Bg7 7. g3 c6 8. Bg2
O-O 9. O-O Nbd7 10. Bf4 Qb4 11. Qd3 Nb6 12. a3 Qa5 13. Rfe1 Re8 14. g4 Nbd5 15.
Nxd5 cxd5 16. Ne5 Be6 17. c3 Rac8 18. a4 a6 19. Ra3 Qb6 20. b4 Qd8 21. a5 Nd7
22. Nf3 Nf6 23. Nd2 Bd7 24. Nb3 Bc6 25. Qg3 Ne4 26. Bxe4 dxe4 27. Nc5 Qd5 28.
Nxe4 Kh8 29. f3 e5 30. dxe5 Bxe5 31. Raa1 f5 32. Red1 Bxf4 33. Qxf4 Qe5 34.
Qxe5+ Rxe5 35. Nd6 Rf8 36. Rd3 fxg4 37. hxg4 h5 38. gxh5 Rxh5 39. Rc1 g5 40. c4
g4 41. Kf2 gxf3 42. b5 axb5 43. cxb5 Bxb5 44. Nxb5 Rxb5 1/2-1/2

[Event "4NCL Division 2d"]
[Site "Telford, ENG"]
[Date "2017.04.29"]
[Round "9.85"]
[White "Amato, Giampiero"]
[Black "Flear, Christine"]
[Result "1-0"]
[WhiteElo "2067"]
[BlackElo "2088"]
[PlyCount "81"]
[EventDate "2017.04.29"]
[WhiteTeam "CSC Dragons"]
[BlackTeam "Guildford 3"]

1. e4 c5 2. Nf3 e6 3. d4 cxd4 4. Nxd4 a6 5. Bd3 Bc5 6. Nb3 Be7 7. O-O d6 8. Nc3
Nf6 9. f4 Qc7 10. Bd2 Nc6 11. a3 h5 12. Qf3 Bd7 13. Rae1 O-O-O 14. a4 Ng4 15.
a5 Bf6 16. e5 dxe5 17. Ne4 exf4 18. Bxf4 Be5 19. Bxe5 Ncxe5 20. Qh3 Nxd3 21.
cxd3 Bc6 22. Nec5 Kb8 23. Rc1 Rd5 24. Rc4 Re5 25. Rxg4 hxg4 26. Qxh8+ Ka7 27.
Ne4 f5 28. Nc3 Qd7 29. d4 Re3 30. Qf8 g3 31. Qc5+ Kb8 32. h3 Rd3 33. Qe5+ Ka8
34. Rd1 Rxd1+ 35. Nxd1 Ba4 36. Nc5 Qb5 37. Nc3 Qxb2 38. Qxg3 Bc6 39. Nxe6 Qa1+
40. Kh2 Qxa5 41. d5 1-0

[Event "4NCL Division 2d"]
[Site "Telford, ENG"]
[Date "2017.04.29"]
[Round "9.86"]
[White "Shepley, Julien M"]
[Black "Purdon, Colin"]
[Result "1/2-1/2"]
[WhiteElo "1982"]
[BlackElo "2055"]
[PlyCount "86"]
[EventDate "2017.04.29"]
[WhiteTeam "Guildford 3"]
[BlackTeam "CSC Dragons"]

1. e4 c6 2. d4 d5 3. Nd2 dxe4 4. Nxe4 Bf5 5. Nc3 Bg6 6. h4 h6 7. Nf3 Nd7 8. h5
Bh7 9. Bd3 Bxd3 10. Qxd3 e6 11. Bd2 Ngf6 12. O-O-O Bd6 13. Ne4 Nxe4 14. Qxe4
Nf6 15. Qe2 Bc7 16. Kb1 Qd5 17. c4 Qe4+ 18. Qxe4 Nxe4 19. Be3 O-O-O 20. Ne5
Rhf8 21. f4 f6 22. Ng6 Rf7 23. g4 f5 24. gxf5 exf5 25. Kc2 Re8 26. Rd3 Nf6 27.
Ne5 Rfe7 28. Rh3 c5 29. b3 cxd4 30. Bxd4 Bxe5 31. fxe5 Ng4 32. Bxa7 Rxe5 33.
Bd4 Re2+ 34. Rd2 R2e7 35. Rf3 Rf7 36. a4 f4 37. Kc3 Ne5 38. Bxe5 Rxe5 39. Rd5
Rxd5 40. cxd5 Kd7 41. Kd4 Kd6 42. Ke4 Re7+ 43. Kxf4 Kxd5 1/2-1/2

[Event "4NCL Division 2d"]
[Site "Telford, ENG"]
[Date "2017.04.29"]
[Round "9.87"]
[White "Vlcek, Marek"]
[Black "Punnett, Alan K"]
[Result "1/2-1/2"]
[WhiteElo "2016"]
[BlackElo "2038"]
[PlyCount "46"]
[EventDate "2017.04.29"]
[WhiteTeam "CSC Dragons"]
[BlackTeam "Guildford 3"]

1. d4 Nf6 2. Nf3 d5 3. e3 Bg4 4. Be2 e6 5. Nbd2 Nbd7 6. c4 c6 7. b3 Bb4 8. a3
Bc3 9. Ra2 Ne4 10. O-O Nxd2 11. Bxd2 Bxd2 12. Nxd2 Bxe2 13. Qxe2 O-O 14. e4 Qh4
15. exd5 exd5 16. Nf3 Qe4 17. Qxe4 dxe4 18. Ng5 Rae8 19. Re2 f5 20. Rfe1 h6 21.
Nf3 Rd8 22. Nd2 Nf6 23. f3 Rxd4 1/2-1/2

[Event "4NCL Division 2d"]
[Site "Telford, ENG"]
[Date "2017.04.29"]
[Round "9.88"]
[White "Stimpson, Philip M"]
[Black "Vachtfeidl, Petr"]
[Result "1-0"]
[WhiteElo "1925"]
[BlackElo "1947"]
[PlyCount "47"]
[EventDate "2017.04.29"]
[WhiteTeam "Guildford 3"]
[BlackTeam "CSC Dragons"]

1. e4 c5 2. Nc3 Nc6 3. f4 e6 4. Nf3 d5 5. Bb5 Nge7 6. exd5 exd5 7. Qe2 f6 8.
Bxc6+ bxc6 9. O-O Kf7 10. b3 Nf5 11. Bb2 Bd6 12. Rae1 Bd7 13. Qf2 Qa5 14. Ne5+
fxe5 15. fxe5 Be7 16. e6+ Bxe6 17. Rxe6 Kxe6 18. Qxf5+ Kd6 19. Nb5+ cxb5 20.
Be5+ Kc6 21. Qe6+ Kb7 22. Qxe7+ Ka6 23. Bxg7 Rhe8 24. Rf6+ 1-0

[Event "4NCL Division 2d"]
[Site "Telford, ENG"]
[Date "2017.04.29"]
[Round "9.63"]
[White "Harari, Zaki"]
[Black "Nicholson, Jim W R"]
[Result "1/2-1/2"]
[WhiteElo "2080"]
[BlackElo "2010"]
[PlyCount "70"]
[EventDate "2017.04.29"]
[WhiteTeam "Barbican 4NCL Youth"]
[BlackTeam "Bradford DCA Knights A"]

1. e4 c6 2. d4 d5 3. e5 c5 4. Nf3 Nc6 5. dxc5 e6 6. Be3 Nh6 7. c3 Nf5 8. Bd4
Bd7 9. Be2 Nfxd4 10. cxd4 b6 11. cxb6 Qxb6 12. Qd2 Rb8 13. O-O Qxb2 14. Qxb2
Rxb2 15. Nc3 Bb4 16. Bb5 Na5 17. Nd1 Bxb5 18. Nxb2 Bxf1 19. Rxf1 Kd7 20. Nd3
Be7 21. Rb1 Rc8 22. Rb5 Nc4 23. Kf1 h6 24. Ke1 Rc7 25. Kd1 Nb6 26. Rb3 Rc4 27.
Nb2 Rc7 28. g3 Nc4 29. Nd3 a5 30. h4 Kc8 31. Nb2 Bb4 32. Nd3 Ba3 33. Nd2 Be7
34. Rb5 a4 35. Nb2 Nxb2+ 1/2-1/2

[Event "4NCL Division 2d"]
[Site "Telford, ENG"]
[Date "2017.04.29"]
[Round "9.61"]
[White "Stewart, Ashley"]
[Black "Bak, Andrew"]
[Result "1-0"]
[WhiteElo "2091"]
[BlackElo "2021"]
[PlyCount "65"]
[EventDate "2017.04.29"]
[WhiteTeam "Barbican 4NCL Youth"]
[BlackTeam "Bradford DCA Knights A"]

1. c4 Nf6 2. g3 g6 3. Bg2 Bg7 4. Nc3 d6 5. Nf3 e5 6. d3 O-O 7. O-O Nc6 8. Rb1
Nh5 9. b4 f5 10. b5 Ne7 11. Qb3 h6 12. Nd2 Kh7 13. Ba3 f4 14. c5 Nf5 15. Qa4
Rf7 16. Nde4 fxg3 17. hxg3 Nf6 18. cxd6 cxd6 19. Nxf6+ Bxf6 20. Nd5 Bg7 21.
Rbc1 Nd4 22. Nc3 Bf8 23. Bd5 Rc7 24. Kg2 Bd7 25. e3 Qc8 26. Rh1 Nf5 27. Ne4 Kg7
28. Rxc7 Qxc7 29. g4 Ne7 30. Bxd6 Nxd5 31. Bxc7 Nxc7 32. Qc4 Rc8 33. Qc3 1-0

[Event "4NCL Division 2d"]
[Site "Telford, ENG"]
[Date "2017.04.29"]
[Round "9.65"]
[White "Brett, Andrew R"]
[Black "Mahoney, Nicholas"]
[Result "1-0"]
[WhiteElo "2122"]
[BlackElo "1721"]
[PlyCount "87"]
[EventDate "2017.04.29"]
[WhiteTeam "Barbican 4NCL Youth"]
[BlackTeam "Bradford DCA Knights A"]

1. e4 e5 2. Nf3 Nc6 3. Bb5 Nf6 4. d3 Bc5 5. O-O d6 6. c3 O-O 7. h3 h6 8. Re1
Qe7 9. a4 a6 10. Bc4 Ba7 11. Nbd2 Be6 12. Bxe6 fxe6 13. Nc4 Qf7 14. Be3 Nh5 15.
d4 exd4 16. cxd4 e5 17. Rc1 Nf4 18. dxe5 Bxe3 19. fxe3 Nxh3+ 20. gxh3 Qxf3 21.
Qxf3 Rxf3 22. exd6 cxd6 23. Kg2 Raf8 24. Rf1 R3f6 25. Rxf6 Rxf6 26. Rd1 Re6 27.
Nxd6 b6 28. b3 b5 29. axb5 axb5 30. Kf2 Na5 31. Nxb5 Rxe4 32. Nd4 Rh4 33. b4
Nc4 34. Rc1 Ne5 35. Rc8+ Kf7 36. Kg3 Re4 37. Rc3 Nd7 38. b5 Nb6 39. Kf3 Rh4 40.
Rc7+ Kf8 41. Ne6+ Kg8 42. Rxg7+ Kh8 43. Rb7 Nc4 44. Nf4 1-0

[Event "4NCL Division 2d"]
[Site "Telford, ENG"]
[Date "2017.04.29"]
[Round "9.78"]
[White "Anilkumar, Anantha P"]
[Black "White, Martin J"]
[Result "1-0"]
[WhiteElo "1931"]
[BlackElo "1840"]
[PlyCount "85"]
[EventDate "2017.04.29"]
[WhiteTeam "KJCA Kings"]
[BlackTeam "Downend & Fishponds"]

1. d4 Nf6 2. c4 e6 3. Nc3 Bb4 4. Nf3 c5 5. g3 b6 6. Bg2 Bb7 7. O-O O-O 8. Bf4
Bxc3 9. bxc3 d6 10. Qc2 Be4 11. Qb2 Qe7 12. Rfd1 Rd8 13. Nd2 Bxg2 14. Kxg2 Nc6
15. Nb3 e5 16. Bg5 h6 17. Bxf6 Qxf6 18. d5 Ne7 19. a4 a5 20. Nd2 Rab8 21. Qc2
Qg6 22. Qxg6 Nxg6 23. Rab1 Ne7 24. Rb5 Nc8 25. Rdb1 Ra8 26. e4 Ra7 27. f4 Re7
28. f5 f6 29. Nf3 Kf7 30. Rf1 Ree8 31. g4 Rh8 32. h4 g6 33. fxg6+ Kxg6 34. h5+
Kf7 35. Nh4 Rhg8 36. Kh3 Rh8 37. Rb2 Kg7 38. Ng6 Rhf8 39. Nxf8 Rxf8 40. Rbf2
Ne7 41. g5 hxg5 42. h6+ Kg6 43. h7 1-0

[Event "4NCL 3 South pool A"]
[Site "Reading, ENG"]
[Date "2016.11.26"]
[Round "1.11"]
[White "Padilla Cabero, Pablo"]
[Black "Briscoe, Chris"]
[Result "0-1"]
[WhiteElo "2173"]
[BlackElo "2206"]
[PlyCount "58"]
[EventDate "2016.11.26"]
[WhiteTeam "Brown Jack 1"]
[BlackTeam "Surbiton"]

1. e4 c5 2. Nc3 Nc6 3. g3 Nf6 4. Bg2 e6 5. Nge2 d5 6. exd5 exd5 7. d4 Bg4 8. h3
Be6 9. O-O Qd7 10. Kh2 h5 11. Be3 h4 12. g4 O-O-O 13. f3 Bd6+ 14. Kh1 Bb8 15.
Qd2 cxd4 16. Nxd4 Ne5 17. Nce2 Nc4 18. Qc3 Bc7 19. Bf2 Qd6 20. f4 a6 21. a3 Ne4
22. Bxe4 dxe4 23. Nxe6 Qxe6 24. Bd4 e3 25. b3 Qe4+ 26. Kg1 Nd2 27. Bb6 Rd7 28.
Rfc1 Qf3 29. Bxe3 Qxe2 0-1

[Event "4NCL 3 South pool A"]
[Site "Reading, ENG"]
[Date "2016.11.26"]
[Round "1.12"]
[White "Singleton, Michael P F"]
[Black "Mihalik, Agoston"]
[Result "1/2-1/2"]
[WhiteElo "2108"]
[BlackElo "2144"]
[PlyCount "137"]
[EventDate "2016.11.26"]
[WhiteTeam "Surbiton"]
[BlackTeam "Brown Jack 1"]

1. d4 Nf6 2. c4 e6 3. Nc3 Bb4 4. e3 b6 5. Nge2 c5 6. a3 Ba5 7. Rb1 Qe7 8. d5
exd5 9. cxd5 O-O 10. Bd2 Bxc3 11. Bxc3 Ne4 12. Ng3 Nxc3 13. bxc3 d6 14. Bd3 Nd7
15. O-O Ne5 16. Be2 f5 17. Qd2 f4 18. exf4 Ng6 19. Nh5 Qh4 20. g3 Qh3 21. c4
Bf5 22. Rbe1 Rf7 23. Qd1 Nf8 24. g4 Bg6 25. f5 Bxh5 26. gxh5 Rxf5 27. Bg4 Rg5
28. f3 Qxh5 29. Kh1 Qg6 30. Be6+ Kh8 31. f4 Rh5 32. f5 Qh6 33. Rf2 Rh4 34. Qd3
Qf6 35. Qg3 Rd8 36. Rf4 Rxf4 37. Qxf4 Ng6 38. Qe4 Ne5 39. Rg1 Rf8 40. Rg3 Qh6
41. Rg1 Qh5 42. a4 g5 43. a5 bxa5 44. Rb1 a4 45. Rb7 Qd1+ 46. Kg2 Qd2+ 47. Kh1
Qc1+ 48. Kg2 Qxc4 49. Qxc4 Nxc4 50. Rxa7 Ne3+ 51. Kf3 Nxd5 52. Kg4 Nf6+ 53.
Kxg5 d5 54. Rxa4 c4 55. Ra7 c3 56. Rc7 d4 57. Kf4 Rd8 58. h3 Nd5+ 59. Bxd5 Rxd5
60. f6 Rd8 61. Kg5 d3 62. Kh6 c2 63. Rxh7+ Kg8 64. Kg6 Rd6 65. Rc7 Rxf6+ 66.
Kxf6 d2 67. Rc8+ Kh7 68. Rc7+ Kh6 69. Rc8 1/2-1/2

[Event "4NCL 3 South pool A"]
[Site "Reading, ENG"]
[Date "2016.11.26"]
[Round "1.13"]
[White "Martin, Lewis"]
[Black "Shepherd, Paul D"]
[Result "1-0"]
[WhiteElo "2095"]
[BlackElo "2072"]
[PlyCount "81"]
[EventDate "2016.11.26"]
[WhiteTeam "Brown Jack 1"]
[BlackTeam "Surbiton"]

1. d4 d5 2. Nf3 c5 3. dxc5 e6 4. e4 Bxc5 5. Nc3 d4 6. Nb5 a6 7. Nbxd4 e5 8. Nb3
Bxf2+ 9. Ke2 Qxd1+ 10. Kxd1 Nc6 11. Bc4 Nf6 12. Bd5 Bd7 13. Bg5 Rd8 14. Rf1 Ba7
15. c4 O-O 16. a3 Rfe8 17. Bxf6 gxf6 18. Nh4 Be3 19. Kc2 Bg5 20. Nf3 Be6 21.
Nc5 Re7 22. Rae1 Bc8 23. b4 Nb8 24. Nd3 Be6 25. Ndxe5 Bxd5 26. exd5 fxe5 27.
Nxg5 b5 28. cxb5 axb5 29. Ne4 Rc7+ 30. Kb3 Nd7 31. Rc1 Rxc1 32. Rxc1 Nb6 33.
Rc5 f5 34. Nc3 Nc4 35. Rxb5 Nd6 36. Rc5 e4 37. Kc2 f4 38. Kd2 e3+ 39. Ke2 Nf5
40. Rc4 Nh4 41. Rxf4 1-0

[Event "4NCL 3 South pool A"]
[Site "Reading, ENG"]
[Date "2016.11.26"]
[Round "1.14"]
[White "Seymour, Timothy P"]
[Black "Richmond, Peter"]
[Result "1/2-1/2"]
[WhiteElo "2059"]
[BlackElo "2106"]
[PlyCount "90"]
[EventDate "2016.11.26"]
[WhiteTeam "Surbiton"]
[BlackTeam "Brown Jack 1"]

1. e4 c6 2. Nc3 d5 3. Nf3 Bg4 4. h3 Bxf3 5. Qxf3 e6 6. Be2 Nf6 7. O-O Be7 8.
Rd1 dxe4 9. Nxe4 Nxe4 10. Qxe4 Nd7 11. d4 O-O 12. Bd2 Nf6 13. Qe3 Qb6 14. c4
Rfd8 15. Bc3 Rd7 16. b4 Rad8 17. a3 Qc7 18. Bb2 b6 19. Bc3 b5 20. cxb5 Nd5 21.
Qf3 cxb5 22. Bd2 a6 23. Qb3 Nf4 24. Bf3 Rxd4 25. Be3 Rxd1+ 26. Rxd1 Rxd1+ 27.
Qxd1 Ng6 28. Qc1 Qb8 29. Qc6 Ne5 30. Qxa6 Nxf3+ 31. gxf3 g5 32. Bc5 Kf8 33. Qc6
h5 34. f4 g4 35. Bxe7+ Kxe7 36. Qc5+ Kd7 37. Qxh5 gxh3 38. Qxh3 Qxf4 39. Qc3
Qg4+ 40. Kf1 Qd1+ 41. Kg2 Qd5+ 42. f3 e5 43. Qc2 Kd6 44. a4 bxa4 45. Qxa4 Qd2+
1/2-1/2